Říkal jsem mu Kravata /

Hlavní autor: Flašar, Milena Michiko, 1980-
Další autoři: Janoušek, Petr
Jazyk: Čeština
Vydáno: Praha : Beta, 2019
Vydání: Vydání první
Edice: Evropská literatura
Témata:
Externí odkaz: Digitalizovaný dokument
Fyzický popis: 159 stran ; 20 cm
Knihy
Uloženo v:
LEADER 01569cam a2200433 i 4500
001 nkc20193098283
003 CZ PrNK
005 20260113235007.0
007 ta
008 190523s2019 xr g 000 j cze d
015 |a cnb003098283 
020 |a 978-80-7593-052-1  |q (vázáno) 
035 |a (OCoLC)1111949410 
040 |a KLG001  |b cze  |d BOA001  |d ABA001  |e rda 
041 1 |a cze  |h ger 
072 7 |a 821.112.2-3  |x Německá próza, německy psaná  |2 Konspekt  |9 25 
080 |a 821.112.2(436)-32  |2 MRF 
080 |a (0:82-32)  |2 MRF 
100 1 |a Flašar, Milena Michiko,  |d 1980-  |7 xx0156991  |4 aut 
240 1 0 |a Ich nannte ihn Krawatte.  |l Česky 
245 1 0 |a Říkal jsem mu Kravata /  |c Milena Michiko Flašar ; z německého originálu Ich nannte ihn Krawatte ... přeložil Petr Janoušek 
250 |a Vydání první 
264 1 |a Praha :  |b Beta,  |c 2019 
300 |a 159 stran ;  |c 20 cm 
336 |a text  |b txt  |2 rdacontent 
337 |a bez média  |b n  |2 rdamedia 
338 |a svazek  |b nc  |2 rdacarrier 
490 1 |a Evropská literatura 
655 7 |a rakouské příběhy  |7 fd183189  |2 czenas 
655 9 |a Austrian stories  |2 eczenas 
700 1 |a Janoušek, Petr  |4 trl 
830 0 |a Evropská literatura  |0 s 
856 4 1 |u http://www.digitalniknihovna.cz/mzk/uuid/uuid:b42d97bb-cc42-11f0-b0f7-ce6fa2c08f13  |y Digitalizovaný dokument  |x NDK 
910 2 |a BOA001  |b 1-1431.032 
920 |a 1238508  |z KLG001 
990 |a BK 
995 |a 01 
991 |b 201906  |c NOV 
996 6 |b 2610786357  |c 1-1431.032  |l MZK  |r Sklad / do 1 hodiny  |n 0  |p p.v.  |w 001730144  |u 000010  |a 1  |e BOA001  |j MZK50  |s P